Drugs in anaesthesia and intensive care (Record no. 83587)
[ view plain ]
| 000 -LEADER | |
|---|---|
| fixed length control field | 00852 a2200277 4500 |
| 003 - CONTROL NUMBER IDENTIFIER | |
| control field | CBULib |
| 005 - DATE AND TIME OF LATEST TRANSACTION | |
| control field | 20231211065518.0 |
| 008 - FIXED-LENGTH DATA ELEMENTS--GENERAL INFORMATION | |
| fixed length control field | 231211b |||||||| |||| 00| 0 eng d |
| 020 ## - INTERNATIONAL STANDARD BOOK NUMBER | |
| International Standard Book Number | 9780198768814 |
| 040 ## - CATALOGING SOURCE | |
| Language of cataloging | English |
| Transcribing agency | CBULib |
| Description conventions | rda |
| 041 ## - LANGUAGE CODE | |
| Language code of text/sound track or separate title | eng |
| 050 ## - LIBRARY OF CONGRESS CALL NUMBER | |
| Classification number | RD 85.5 Sca |
| 100 1# - MAIN ENTRY--PERSONAL NAME | |
| Personal name | Scarth, Edward |
| 9 (RLIN) | 1341 |
| 245 ## - TITLE STATEMENT | |
| Title | Drugs in anaesthesia and intensive care |
| Statement of responsibility, etc | / by Eward Scarth; and Susan Smith |
| 250 ## - EDITION STATEMENT | |
| Edition statement | Fifth edition |
| 260 ## - PUBLICATION, DISTRIBUTION, ETC. (IMPRINT) | |
| Name of publisher, distributor, etc | Oxford University Press, |
| Date of publication, distribution, etc | 2016 |
| Place of publication, distribution, etc | Oxford : |
| 300 ## - PHYSICAL DESCRIPTION | |
| Extent | xiv, 430 pages |
| 336 ## - CONTENT TYPE | |
| Source | rdacontent |
| Content type term | Text | |
| Content type code | txt |
| 337 ## - MEDIA TYPE | |
| Source | rdamedia |
| Media type term | Unmediated | |
| Media type code | n |
| 338 ## - CARRIER TYPE | |
| Source | rdacarrier |
| Carrier type term | Volume |
| Carrier type code | nc |
| 504 ## - BIBLIOGRAPHY, ETC. NOTE | |
| Bibliography, etc | Includes an appendix and an index |
| 650 #0 - SUBJECT ADDED ENTRY--TOPICAL TERM | |
| Topical term or geographic name as entry element | ANESTHETICS |
| 9 (RLIN) | 1342 |
| 650 #0 - SUBJECT ADDED ENTRY--TOPICAL TERM | |
| Topical term or geographic name as entry element | ANESTHETIC HANDBOOKS, MANUALS |
| 9 (RLIN) | 1343 |
| 650 #0 - SUBJECT ADDED ENTRY--TOPICAL TERM | |
| Topical term or geographic name as entry element | ANESTHETICS PHARMACOKINETICS |
| 9 (RLIN) | 1344 |
| 942 ## - ADDED ENTRY ELEMENTS (KOHA) | |
| Source of classification or shelving scheme | |
| Koha item type | MONOGRAPH |
| Withdrawn status | Lost status | Source of classification or shelving scheme | Damaged status | Not for loan | Collection code | Permanent Location | Current Location | Shelving location | Date acquired | Source of acquisition | Full call number | Barcode | Date last seen | Copy number | Price effective from | Koha item type |
|---|---|---|---|---|---|---|---|---|---|---|---|---|---|---|---|---|
| Michael Chilufya Sata Collection | CBU-MAIN LIBRARY, KITWE. | CBU-MAIN LIBRARY, KITWE. | General Stacks | 12/11/2023 | Book Aid International | RD 85.5 Sca | 905521 | 12/11/2023 | 1 | 12/11/2023 | MONOGRAPH |